书目信息 |
| 题名: |
新媒体语境下的国家环保形象建构
|
|
| 作者: | 赵莉 著 | |
| 分册: | ||
| 出版信息: | 北京 中国社会科学出版社 2021.03 |
|
| 页数: | 264页 | |
| 开本: | 24cm | |
| 丛书名: | ||
| 单 册: | ||
| 中图分类: | D6 | |
| 科图分类: | ||
| 主题词: | 国家--guo jia--形象--研究--中国 | |
| 电子资源: | ||
| ISBN: | 978-7-5203-8012-6 | |
| 000 | 01446nam0 2200265 450 | |
| 001 | 202021193020 | |
| 005 | 20211025120124.0 | |
| 010 | @a978-7-5203-8012-6@dCNY90.00 | |
| 100 | @a20210927d2021 em y0chiy50 ea | |
| 101 | 0 | @achi |
| 102 | @aCN@b110000 | |
| 105 | @ay a 000yy | |
| 106 | @ar | |
| 200 | 1 | @a新媒体语境下的国家环保形象建构@Axin mei ti yu jing xia de guo jia huan bao xing xiang jian gou@f赵莉著 |
| 210 | @a北京@c中国社会科学出版社@d2021.03 | |
| 215 | @a264页@d24cm | |
| 300 | @a国家社会科学基金一般项目“新媒体语境下的环境传播与国家形象”成果 本书受“浙江省传播与文化产业研中心”资助, 为中心研究成果, 也是浙江传媒学院一流学科新闻与传播学学科建设成果 | |
| 314 | @a赵莉, 浙江传媒学院副教授, 博士, 硕士生导师。 | |
| 320 | @a有书目 (第242-261页) | |
| 330 | @a本书在新媒体与全球化的语境下, 对国家环保形象建构过程中的传播模式、话语博弈及内在逻辑进行深入研究和实证检验。考察环境传播与国家形象的互动关系, 探索中外新媒体平台上中国环保形象塑造的一般规律, 分析国家环保形象生成过程中的影响因素, 调查国际受众对中国环保形象的认知及态度。在翔实的文本数据挖掘和分析基础之上, 构建出一个多层多维的全景式研究空间, 从人类命运共同体和国家发展战略的高度, 对环境传播与国家形象塑造进行战略设计, 为修复和改善中国环保形象、推动中国与国际社会的环境沟通与合作, 提供了新的可能性。 | |
| 606 | 0 | @a国家@Aguo jia@x形象@x研究@y中国 |
| 690 | @aD6@v5 | |
| 701 | 0 | @a赵莉@Azhao li@4著 |
| 801 | 0 | @aCN@c20210909 |
| 905 | @a河南城建学院图书馆@dD6@eZ313 | |
| 新媒体语境下的国家环保形象建构/赵莉著.-北京:中国社会科学出版社,2021.03 |
| 264页;24cm |
| 国家社会科学基金一般项目“新媒体语境下的环境传播与国家形象”成果 本书受“浙江省传播与文化产业研中心”资助, 为中心研究成果, 也是浙江传媒学院一流学科新闻与传播学学科建设成果 |
| ISBN 978-7-5203-8012-6:CNY90.00 |
| 本书在新媒体与全球化的语境下, 对国家环保形象建构过程中的传播模式、话语博弈及内在逻辑进行深入研究和实证检验。考察环境传播与国家形象的互动关系, 探索中外新媒体平台上中国环保形象塑造的一般规律, 分析国家环保形象生成过程中的影响因素, 调查国际受众对中国环保形象的认知及态度。在翔实的文本数据挖掘和分析基础之上, 构建出一个多层多维的全景式研究空间, 从人类命运共同体和国家发展战略的高度, 对环境传播与国家形象塑造进行战略设计, 为修复和改善中国环保形象、推动中国与国际社会的环境沟通与合作, 提供了新的可能性。 |
| ● |
| 相关链接 |
|
|
|
正题名:新媒体语境下的国家环保形象建构
索取号:D6/Z313
 
预约/预借
| 序号 | 登录号 | 条形码 | 馆藏地/架位号 | 状态 | 备注 |
| 1 | 1540123 | 215401232 | 社科库509/509社科库 71排7列2层/ [索取号:D6/Z313] | 在馆 | |
| 2 | 1540124 | 215401241 | 社科库509/509社科库 71排7列2层/ [索取号:D6/Z313] | 在馆 |